000 01129nam a2200217Ii 4500
003 JO-AjNU
008 230605s9999||||xx |||||||||||||| ||und||
017 _a2109/1/388
020 _a978-9923-9748-0-3
040 _aJO-AjNU
_bara
_erda
_cJO-AjNU
041 _aara
050 1 4 _aQH541 2018
100 3 _aاعداد جامعة عمان العربية، كلية الهندسة,
_eauthor
_958795
245 0 0 _aنحو بيئة آمنة في ظل التحديات والمشكلات المعاصرة: المؤتمر البيئي العلمي الدولي الأول: جامعة عمان العربية - كلية الهندسة 17-18/تشرين الثاني/2018
264 3 1 _aعمان: جامعة عمان العربية، 2018
300 _a397ص
_b المؤتمر العلمي الدولي الأول: جامعة عمان العربية - كلية الهندسة 17-18/تشرين الثاني/2018
336 _atext
_btxt
_2rdacontent
337 _aunmediated
_bn
_2rdamedia
338 _avolume
_bnc
_2rdacarrier
650 4 _aالتحديات - المشكلات المعاصرة - بيئة امنة - مؤتمرات
_958796
999 _aA26423
_c29991
_d29991